000
00212nam a2200109Ia 4500
100
_a
IYENGAR SRINIVASA
942
_c
BK
245
_a
TIRUVALLAVER TIRUKKURAL
260
_b
#N/A
546
_a
ENGLISH
999
_c
20741
_d
20741